000 00804cam a2200205 4500
001 ABS63301
008 000000n2001 000 0 eng u
035 _a(Sirsi) u110280
100 _aImber, A
245 4 _aThe APC: professional ethics
260 _c2001
490 _aCSM (Chartered Surveyor Monthly)
_vJanuary 2001, 30(1)
520 _aDiscusses what an APC candidate should know about professional ethics in order to pass the APC and to become chartered surveyors. Gives an illustration of the type of answers required and what to be aware of in providing a written submission as well as in the interview.
590 _aABS
650 _aAPC
_96216
650 _aAPC
_96216
650 _aPROFESSIONAL ETHICS
690 _aMANAGEMENT-BUSINESS MANAGEMENT-PROFESSIONAL PRACTICE
942 _n0
999 _c65763
_d65763